Xử lý số tín hiệu : Phương pháp truyền thống kết hợp với phần mềm MATLAB
Salvato in:
| Autore principale: | |
|---|---|
| Natura: | Libro |
| Lingua: | Undetermined |
| Pubblicazione: |
Hà Nội
Giáo dục
2005
|
| Soggetti: | |
| Tags: |
Aggiungi Tag
Nessun Tag, puoi essere il primo ad aggiungerne! !
|
| Thư viện lưu trữ: | Trung tâm Học liệu Trường Đại học Cần Thơ |
|---|
| LEADER | 00650nam a2200217Ia 4500 | ||
|---|---|---|---|
| 001 | CTU_88246 | ||
| 008 | 210402s9999 xx 000 0 und d | ||
| 020 | |c 21300 | ||
| 082 | |a 621.3822 | ||
| 082 | |b S513/T.1 | ||
| 100 | |a Hồ, Văn Sung | ||
| 245 | 0 | |a Xử lý số tín hiệu : | |
| 245 | 0 | |b Phương pháp truyền thống kết hợp với phần mềm MATLAB | |
| 245 | 0 | |c Hồ Văn Sung | |
| 260 | |a Hà Nội | ||
| 260 | |b Giáo dục | ||
| 260 | |c 2005 | ||
| 650 | |a Signal processing | ||
| 650 | |x Digital techniques | ||
| 904 | |i Giang | ||
| 980 | |a Trung tâm Học liệu Trường Đại học Cần Thơ | ||